000 00927cam a22002653i 4500
005 20150504075528.0
008 050504s2014 enk fr 001 0 eng d
020 _a1138020672
020 _a9781138020672
035 _a(OCoLC)880966326
040 _aCO-BoUCM
_bspa
_cJose A. Gerena
_dJose A. Gerena
041 0 _aeng
245 0 0 _aBoundaries of journalism
_bprofessionalism, practices and participation
_ceditado por Matt Carlson, Seth C. Lewis
260 _aLondres (Inglaterra)
_bRoutledge
_c2014
300 _axi, 233 páginas
504 _aIncluye referencias bibliográficas e índices
650 7 _921340
_aPeriodismo
650 7 _915255
_aÉtica periodística
650 7 _921366
_aPeriodistas
690 _942898
_aPeriodismo
700 1 _aCarlson, Matt
_eeditor
_968537
700 1 _aLewis, Seth C.
_eeditor
_968538
942 _2DEWEY
_a24
_cLIBRO
_e1
_h070.4
_mB765
999 _c298817
_d298817